|
|
|
|
| LEADER |
00000naa2a2200000 4500 |
| 001 |
154865 |
| 005 |
20231031152043.0 |
| 035 |
|
|
|a (RuTPU)RU\TPU\book\167966
|
| 090 |
|
|
|a 154865
|
| 100 |
|
|
|a 20090305d2008 k y0rusy50 ca
|
| 101 |
0 |
|
|a rus
|
| 102 |
|
|
|a RU
|
| 200 |
1 |
|
|a Демографический кризис в России и пути его преодоления
|f И. А. Туманова
|
| 320 |
|
|
|a Библиогр.: 3 назв.
|
| 463 |
|
0 |
|0 (RuTPU)RU\TPU\book\161559
|t Экономика России в XXI веке
|o сборник научных трудов V Всероссийской научно-практической конференции "Теоретические проблемы экономической безопасности России в XXI веке", Томск, 2008
|f Томский политехнический университет (ТПУ), Инженерно-экономический факультет, Кафедра экономики; под ред. Г. А. Барышевой
|v С. 153-156
|d 2008
|p 377 с.
|
| 610 |
1 |
|
|a демография
|
| 610 |
1 |
|
|a кризисы
|
| 610 |
1 |
|
|a демографический кризис
|
| 610 |
1 |
|
|a население
|
| 610 |
1 |
|
|a рождаемость
|
| 610 |
1 |
|
|a продолжительность жизни
|
| 610 |
1 |
|
|a труды учёных ТПУ
|
| 700 |
|
1 |
|a Туманова
|b И. А.
|
| 801 |
|
1 |
|a RU
|b 63413507
|c 20090305
|g PSBO
|
| 801 |
|
2 |
|a RU
|b 63413507
|c 20130206
|g RCR
|
| 942 |
|
|
|c BK
|